K problematice vnitřních dražeb zemědělského majetku

Legislatíva pre dražby. Termíny a povinnosti dlžníka. Vyhlásenie dražby a súpis vecí. Zoznam vecí do dražby. Dražobné jednotky a licitátor. Hodnota vecného vysporiadania a ponechaného majetku. Uhradenie platieb dlžníkom a veriteľom.

Saved in:
Bibliographic Details
Main Author: Patřičný, P.
Other Authors: Marchal, S.
Format: Book Chapter
Language:Czech
Subjects:
Tags: Add Tag
No Tags, Be the first to tag this record!

MARC

LEADER 00000naa a2200000 4500
001 r014208
005 20221213090031.0
041 0 |a cze 
044 |a SK 
245 1 0 |a K problematice vnitřních dražeb zemědělského majetku  |c P. Patřičný, S. Marchal 
520 |a Legislatíva pre dražby. Termíny a povinnosti dlžníka. Vyhlásenie dražby a súpis vecí. Zoznam vecí do dražby. Dražobné jednotky a licitátor. Hodnota vecného vysporiadania a ponechaného majetku. Uhradenie platieb dlžníkom a veriteľom. 
610 2 0 |a aukcie 
610 2 0 |a poľnohospodárstvo 
610 2 0 |a legislatíva 
610 2 0 |a Česko 
100 1 |a Patřičný, P. 
700 1 |a Marchal, S.